000 00792nam a2200301Ia 4500
001 10338
005 20240113235217.0
007 ta
008 050802s1971 g b000 u eng u
040 _aCotton College,Assam
041 _aeng
082 _a336
_bC 392 F
100 _aChatterjee, P.K. .
245 0 _aForeign Capital and Economic Development /
_cP.K. Chatterjee.
_hTextual Documents
250 _a1st ed. /
260 _aCalcutta :
_bPrograssive Publishers ,
_c1971.
300 _avii, 229p. ;
_c22cm.
504 _aIndex
653 _aEconomics
653 _aCapital-Foreign
653 _aForeign Capital
653 _aMS-Economics
653 _aEconomic Development
942 _2ddc
_cBK
999 _c10325
_d10325